The noble scholar, jurist, historian


 His Excellency Dr. Abdul Wahhab bin Ibrahim Abu Sulaiman, may Allah have mercy on him.


 He was born in Umm Al-Qura in the year 1356 AH.

المجتمع الحجازي في العصر المملوكي / (Record no. 9975)

MARC details
000 -LEADER
fixed length control field 01206cam a22002891i 4500
003 - CONTROL NUMBER IDENTIFIER
control field SA-RiAUC
005 - DATE AND TIME OF LATEST TRANSACTION
control field 20250716062820.0
008 - FIXED-LENGTH DATA ELEMENTS--GENERAL INFORMATION
fixed length control field 250715s1996 ua g 000 0 ara c
020 ## - INTERNATIONAL STANDARD BOOK NUMBER
International Standard Book Number 9775040249
040 ## - CATALOGING SOURCE
Original cataloging agency SA-JeALM
Language of cataloging ara
Transcribing agency SA-RiAUC
Description conventions rda
043 ## - GEOGRAPHIC AREA CODE
Geographic area code a-su---
082 04 - DEWEY DECIMAL CLASSIFICATION NUMBER
Classification number 953.08
Assigning agency SA-RiAUC
090 ## - LOCALLY ASSIGNED LC-TYPE CALL NUMBER (OCLC); LOCAL CALL NUMBER (RLIN)
Classification number (OCLC) (R) ; Classification number, CALL (RLIN) (NR) 953.08
Local cutter number (OCLC) ; Book number/undivided call number, CALL (RLIN) ع ب د م
100 1# - MAIN ENTRY--PERSONAL NAME
Personal name عبد المنعم، صبحي
Relator term مؤلف.
245 12 - TITLE STATEMENT
Title المجتمع الحجازي في العصر المملوكي /
Statement of responsibility, etc. د. صبحي عبد المنعم.
264 #1 - PRODUCTION, PUBLICATION, DISTRIBUTION, MANUFACTURE, AND COPYRIGHT NOTICE
Place of production, publication, distribution, manufacture القاهرة :
Name of producer, publisher, distributor, manufacturer العربي للنشر والتوزيع،
Date of production, publication, distribution, manufacture, or copyright notice 1997
300 ## - PHYSICAL DESCRIPTION
Extent 85 صفحة.
Dimensions 24 سم.
336 ## - CONTENT TYPE
Content type term نص
Content type code txt
Source rdacontent
Materials specified كتاب
337 ## - MEDIA TYPE
Media type term بدون وسيط
Media type code n
Source rdamedia
338 ## - CARRIER TYPE
Carrier type term مجلد
Carrier type code nc
Source rdacarrier
490 1# - SERIES STATEMENT
Series statement المكتبة التاريخية
651 #7 - SUBJECT ADDED ENTRY--GEOGRAPHIC NAME
Geographic name الحجاز (السعودية)
General subdivision تاريخ
Chronological subdivision العصر المملوكي، 648-922 هجري.
Source of heading or term aucsh
651 #7 - SUBJECT ADDED ENTRY--GEOGRAPHIC NAME
Geographic name الحجاز (السعودية)
General subdivision أحوال اجتماعية
Chronological subdivision العصر المملوكي، 648-922 هجري
Source of heading or term aucsh
830 #2 - SERIES ADDED ENTRY--UNIFORM TITLE
Uniform title المكتبة التاريخية (دار العربي)
942 ## - ADDED ENTRY ELEMENTS (KOHA)
Source of classification or shelving scheme Dewey Decimal Classification
Koha item type Books
Suppress in OPAC No
949 ## - LOCAL PROCESSING INFORMATION (OCLC)
a SA-JeALM
d 250715
u osman123
n 1
Holdings
Withdrawn status Lost status Source of classification or shelving scheme Damaged status Not for loan Home library Current library Date acquired Total checkouts Full call number Barcode Date last seen Price effective from Koha item type
    Dewey Decimal Classification     DR AbdElwahab Library DR AbdElwahab Library 07/16/2025   953.08 ع ب د م 000016169 07/16/2025 07/16/2025 Books